000 00632nam a2200277Ia 4500
005 20260324134023.0
008 008 260324s9999 xx 000 0 eng d
020 _a9780080510323
037 _aEBOOK
040 _aCRL
040 _beng
040 _cCRL
041 _2eng
041 _aeng
084 _qCRL
100 _aToni Hodges
_91195272
245 0 _aLinking Learning and Performance
260 _bTaylor and Francis
260 _c2002
365 _a
365 _b115
856 _uhttp://www.taylorfrancis.com/books/9780080510323
942 _cEBOOK
999 _c1794902
_d1794902